WW2 Ships by picture - Statistics

General Stats
  • This quiz has been taken 99 times
    97 since last reset
  • The average score is 8 of 20
Answer Stats
Picture Answer % Correct
Bismarck
85%
Yamato
80%
Prince of Wales
70%
Enterprise
69%
Hood
68%
Iowa
62%
Scharnhorst
61%
Akagi
59%
Admiral Graf Spee
53%
Ise
50%
Vanguard
45%
Fletcher
39%
Baltimore
34%
PT-109
22%
Gyatt
9%
Arkhangelsk
8%
Minsk
8%
Z-17
7%
Jackal
5%
U-boat type XIV
4%
No matching quizzes found
Score Distribution
Percent of People with Each Score
Percentile by Number Answered
Your Score History
You have not taken this quiz since the last reset